000 00702nam a2200205Ia 4500
008 0000001985 gw a 0000000000ger00
090 _aPRU00 K73b
100 1 _aKrimmel, Bernd
245 1 0 _aBoris Zabarov
_b: gemalde, aquarelle, zeichnungen
_c/ Bernd Krimmel
300 _a120 p.
_c/ 22 cm.
500 _aExposición realizada en Mathildenhohe Darmstadt, Mayo 1 Junio 2, 1985
600 0 0 _aZABOROV, BORIS, 1937/
_xTRABAJOS PICTORICOS
650 1 4 _aARTE CONTEMPORANEO RUSO
650 1 4 _xCATALOGOS
650 1 4 _aDIBUJOS RUSOS
650 1 4 _xEXPOSICIONES
650 1 4 _aPINTORES RUSOS
650 1 4 _aPINTURA RUSA
999 _c8211
_d8211
260 _aDarmstadt (Alemania) : Roetherdruck Darmstadt
_c1985